|
|
|
|
| LEADER |
00972nam a2200241 a 4500 |
| 001 |
GR-Patra27477 |
| 008 |
090107s1998 nyu g b 001 0 eng d |
| 020 |
|
|
|a 0814735800
|
| 040 |
|
|
|a GrPaTEI
|b gre
|c GR-PaULI
|
| 040 |
|
|
|a GrPaTEI
|b gre
|c GR-PaULI
|
| 082 |
|
0 |
|a 070.44935502
|2 22
|
| 100 |
1 |
|
|a Hudson, Miles
|
| 245 |
1 |
0 |
|a War and the media :
|b A random searchlight /
|c Miles Hudson & John Stanier.
|
| 260 |
|
|
|a New York :
|b New York University Press,
|c 1998
|
| 300 |
|
|
|a xiii, 338 σ. :
|b εικ.
|
| 504 |
|
|
|a Περιλαμβάνει βιβλιογραφίες και ευρετήριο.
|
| 650 |
1 |
0 |
|a War
|x Press coverage
|
| 700 |
1 |
|
|a Stanier, John
|
| 710 |
0 |
|
|a New York University Press
|
| 942 |
|
|
|2 ddc
|
| 952 |
|
|
|0 0
|1 0
|2 ddc
|4 0
|6 070_449355020000000_HUD
|7 0
|9 310302
|a LISK
|b LISK
|c BSC
|d 2021-01-17
|e 24
|f 0
|g 0.00
|l 0
|o 070.44935502 HUD
|p 92410045101
|r 2021-01-17 00:00:00
|t 1
|w 2021-01-17
|y BK15
|x 20090107 0 1
|x GrPaTEI
|
| 971 |
|
|
|a .b26750491
|b 15-04-20
|c 26-09-16
|
| 999 |
|
|
|c 178492
|d 178492
|